000 00940nam a2200217 a 4500
001 000042266
005 20201002040036.0
008 131121s1988 sp r 000 0 spa d
020 _a847635035X
040 _aDO-SdBNP
_bspa
_cBNPHU
082 _axxxx
_bC749s
111 1 _aCongreso Internacional de Historia de la Lengua Española
_n(1 :
_d1987 : 30 marzo al 4 de abril
_cCáceres, España)
_969297
245 1 0 _aActas del I Congreso Internacional de Historia de la Lengua Española :
_bCáceres, 30 de marzo-4 de abril de 1987 /
_ceditores M. Ariza A. y Salvador A. Viudas ; prólogo Juan Carlos Rodríguez Ibarra.
260 _aMadrid :
_bArco Libros,
_c1988.
300 _av. ;
_c25 cm.
590 _aInventariado, 2019/BT
700 1 _aAriza Viguera, Manuel,
_eed.
_969298
700 1 _aSalvador Plans, Antonio,
_eed.
_969299
700 1 _aViudas Camarasa, Antonio,
_eed.
_969300
700 1 _aRodríguez Ibarra, Juan Carlos,
_epról.
_969301
999 _c41755
_d41755